[Event "Schachfestival 2024-Open"]
[Site "Bad Woerishofen "]
[Date "2024.03.09"]
[Round "1.2"]
[White "Raitza, Olaf"]
[Black "Kunin, Vitaly"]
[Result "0-1"]
[WhiteElo "2052"]
[BlackElo "2521"]
[Annotator "wempe"]
[PlyCount "128"]
[EventDate "2024.??.??"]
[WhiteTeam "TSG Oberschoeneweide e.V."]

1. e4 c5 2. Nf3 Nc6 3. d4 cxd4 4. Nxd4 g6 5. c4 Bg7 6. Be3 Nf6 7. Nc3 Ng4 8. Qxg4 Nxd4 9. Qd1 e5 10. Bd3 d6 11. O-O O-O 12. Qd2 Be6 13. Nd5 Rc8 14. Rac1 Re8 15. Rc3 b6 16. Bg5 f6 17. Bh6 g5 18. Bxg7 Kxg7 19. Ne3 Qd7 20. Rfc1 h5 21. Nc2 Nc6 22. b4 h4 23. Be2 Red8 24. Rd1 Qf7 25. Qe3 Ne7 26. Na3 Qf8 27. Nb5 Nc6 28. c5 dxc5 29. bxc5 Rxd1+ 30. Bxd1 Rd8 31. Be2 Rb8 32. cxb6 Rxb6 33. Nxa7 Rb1+ 34. Bf1 Nd4 35. Nc6 Qd6 36. Qd3 Bxa2 37. Nxd4 Qxd4 38. Rc7+ Kg6 39. Qa6 Rb2 40. Qa7 Qxa7 41. Rxa7 g4 42. h3 gxh3 43. gxh3 Be6 44. Ra1 Kg5 45. Bg2 Ba2 46. Rc1 Bf7 47. Rc7 Rb1+ 48. Kh2 Bg6 49. Rg7 Kh6 50. Rg8 Rb4 51. f3 Rb1 52. Rf8 Kg7 53. Rc8 Bh5 54. Rd8 Rb3 55. Rc8 Bxf3 56. Bxf3 Rxf3 57. Rc2 Rf4 58. Re2 Kf7 59. Kg2 Ke6 60. Re3 Kd6 61. Re2 Kc5 62. Re3 Kd4 63. Re2 Rxe4 64. Rf2 Rf4 0-1

[Event "Schachfestival 2024-Open"]
[Site "Bad Woerishofen "]
[Date "2024.03.09"]
[Round "1.3"]
[White "Bharath Subramaniyam H"]
[Black "Hohlfeld, Wolfgang"]
[Result "1-0"]
[WhiteElo "2530"]
[BlackElo "2043"]
[Annotator "wempe"]
[PlyCount "91"]
[EventDate "2024.??.??"]
[BlackTeam "SC Diogenes"]

1. d4 d5 2. Bf4 Nf6 3. e3 g6 4. Nc3 Bg7 5. Nb5 Na6 6. Nf3 O-O 7. Be2 c6 8. Nc3 Nb8 9. O-O Bg4 10. a4 Re8 11. a5 a6 12. Ne5 Bxe2 13. Qxe2 Nh5 14. h3 Nxf4 15. exf4 Nd7 16. Rfe1 e6 17. Qd2 Rc8 18. Na4 Rc7 19. Ra3 Bf8 20. b4 Nf6 21. Nc5 Bd6 22. g3 Bxe5 23. fxe5 Nd7 24. Rf3 Nxc5 25. bxc5 Kg7 26. Rf6 h6 27. g4 Rce7 28. f4 Kh7 29. f5 Rg8 30. Rf1 exf5 31. R1xf5 Rf8 32. Rd6 Qc7 33. Rff6 Qc8 34. Kh2 Re6 35. Rdxe6 fxe6 36. h4 Qd7 37. h5 Qe8 38. Qd3 Rg8 39. Rxg6 Rxg6 40. Qxg6+ Qxg6 41. hxg6+ Kxg6 42. Kh3 Kg7 43. Kh4 Kh7 44. Kh5 Kg7 45. g5 hxg5 46. Kxg5 1-0

[Event "Schachfestival 2024-Open"]
[Site "Bad Woerishofen "]
[Date "2024.03.09"]
[Round "1.4"]
[White "Mueller-Dehn, Christian"]
[Black "Leniart, Arkadiusz"]
[Result "0-1"]
[WhiteElo "2042"]
[BlackElo "2503"]
[Annotator "wempe"]
[PlyCount "96"]
[EventDate "2024.??.??"]
[WhiteTeam "SV Berenbostel"]

1. c4 e6 2. Nf3 d5 3. e3 Nf6 4. Nc3 Bd6 5. d4 c6 6. Ne5 O-O 7. Bd3 Bxe5 8. dxe5 dxc4 9. Bxc4 Qxd1+ 10. Nxd1 Nfd7 11. f4 b6 12. b3 Ba6 13. Ba3 c5 14. Nc3 Bxc4 15. bxc4 Nc6 16. Nb5 Rad8 17. Ke2 Ndb8 18. Rhd1 Na5 19. Nd6 Rd7 20. Bb2 Rfd8 21. Bc3 Nbc6 22. g4 f6 23. g5 fxe5 24. fxe5 Nb7 25. Nxb7 Rxb7 26. Rd6 Rxd6 27. exd6 Rd7 28. Rd1 Kf7 29. Kf3 Ke8 30. h4 Rf7+ 31. Ke4 g6 32. Bf6 Kd7 33. Be5 Rf2 34. Rh1 Rc2 35. Bg3 Rxc4+ 36. Kd3 Rg4 37. Rh3 e5 38. Ke2 Kxd6 39. Kf3 Ra4 40. h5 Ke6 41. hxg6 hxg6 42. Rh8 Ne7 43. e4 Ra3+ 44. Kg4 Re3 45. Rf8 Rxe4+ 46. Kf3 Ra4 47. Rf6+ Kd5 48. Rf7 Nf5 0-1

[Event "Schachfestival 2024-Open"]
[Site "Bad Woerishofen "]
[Date "2024.03.09"]
[Round "1.5"]
[White "Zhao Yuanhe"]
[Black "Phatak, Aanjaneya"]
[Result "1-0"]
[WhiteElo "2461"]
[BlackElo "2040"]
[Annotator "wempe"]
[PlyCount "73"]
[EventDate "2024.??.??"]
[BlackTeam "AICF"]

1. Nf3 Nf6 2. c4 g6 3. Nc3 Bg7 4. e4 d6 5. d4 O-O 6. h3 e5 7. d5 Nbd7 8. Be3 Nc5 9. Nd2 a5 10. g4 c6 11. Be2 Bd7 12. h4 a4 13. g5 Ne8 14. h5 Qa5 15. a3 Nc7 16. Rc1 Rfc8 17. hxg6 hxg6 18. Bxc5 dxc5 19. Bg4 Bxg4 20. Qxg4 Ne8 21. Kf1 Qb6 22. Nxa4 Qa5 23. Nc3 b5 24. dxc6 b4 25. Nb3 Qa6 26. Nd5 bxa3 27. bxa3 Kf8 28. Nxc5 Qxa3 29. Nd7+ Kg8 30. Rc3 Qd6 31. c5 Qe6 32. Qxe6 fxe6 33. Ne7+ Kf7 34. Nxc8 Rxc8 35. Rf3+ Ke7 36. Rh7 Rxc6 37. Nf6 1-0

[Event "Schachfestival 2024-Open"]
[Site "Bad Woerishofen "]
[Date "2024.03.09"]
[Round "1.6"]
[White "Jungbluth, Michael"]
[Black "Muthaiah AL"]
[Result "0-1"]
[WhiteElo "2039"]
[BlackElo "2454"]
[Annotator "wempe"]
[PlyCount "32"]
[EventDate "2024.??.??"]
[WhiteTeam "Sv Unser Fritz"]

1. d4 Nf6 2. c4 e6 3. g3 d5 4. Bg2 Be7 5. Nf3 O-O 6. O-O c6 7. Qc2 b6 8. Nbd2 Bb7 9. e4 Na6 10. Rd1 Rc8 11. a3 c5 12. exd5 exd5 13. dxc5 Bxc5 14. b4 Bxf2+ 15. Kxf2 Ng4+ 16. Kg1 Ne3 0-1

[Event "Schachfestival 2024-Open"]
[Site "Bad Woerishofen "]
[Date "2024.03.09"]
[Round "1.7"]
[White "Harikrishnan.A.Ra"]
[Black "Boehm, Uwe"]
[Result "1-0"]
[WhiteElo "2448"]
[BlackElo "2032"]
[Annotator "wempe"]
[PlyCount "102"]
[EventDate "2024.??.??"]
[BlackTeam "MSC 1836"]

1. d4 d5 2. Nf3 Nf6 3. c3 e6 4. Bf4 Bd6 5. e3 Bxf4 6. exf4 O-O 7. Bd3 b6 8. Qe2 a5 9. O-O Ba6 10. Nbd2 Bxd3 11. Qxd3 Qc8 12. Ne5 c5 13. Rfe1 Ra7 14. Re3 Qa6 15. dxc5 bxc5 16. c4 Nbd7 17. Rc1 Qb6 18. b3 Rd8 19. Rh3 Nf8 20. Qc2 d4 21. Re1 Qb7 22. Rg3 Nh5 23. Rf3 f5 24. Nb1 Nf6 25. Na3 Ra6 26. Nb5 Qc8 27. Rd3 Nh5 28. g3 Nf6 29. Rdd1 Qb7 30. a3 Qb6 31. Rb1 Rc8 32. Nd3 N6d7 33. Qd2 Raa8 34. Rec1 Qc6 35. b4 axb4 36. axb4 Rd8 37. bxc5 Nxc5 38. Ne5 Qa6 39. Nc7 Qa5 40. Qxa5 Rxa5 41. Nc6 Rd7 42. Nxa5 Rxc7 43. Rd1 e5 44. fxe5 Nfe6 45. f4 Kf7 46. Nb3 Nxb3 47. Rxb3 Rxc4 48. Ra1 Ke8 49. Kf2 Kd7 50. Ra7+ Ke8 51. Ke2 Rc5 1-0

[Event "Schachfestival 2024-Open"]
[Site "Bad Woerishofen "]
[Date "2024.03.09"]
[Round "1.9"]
[White "Xiang, Zeyu"]
[Black "Hund, Sarah"]
[Result "1-0"]
[WhiteElo "2418"]
[BlackElo "1993"]
[Annotator "wempe"]
[PlyCount "53"]
[EventDate "2024.??.??"]
[BlackTeam "SK Freiburg-Zaehringen 1887"]

1. d4 d5 2. c4 e6 3. Nc3 Be7 4. Nf3 Nf6 5. g3 O-O 6. Bg2 dxc4 7. Ne5 Qd6 8. O-O Qa6 9. a4 Nc6 10. Nb5 Nxe5 11. dxe5 Rd8 12. Qc2 Ne8 13. Qxc4 Bd7 14. Be3 c6 15. Na3 b5 16. axb5 cxb5 17. Qb3 Bc6 18. Bxc6 Qxc6 19. Nxb5 a6 20. Na7 Qe4 21. Rxa6 Rdb8 22. Rb6 Rxb6 23. Qxb6 Bf8 24. Nc6 Ra2 25. Qb7 Qa4 26. Ba7 h5 27. Qd7 1-0

[Event "Schachfestival 2024-Open"]
[Site "Bad Woerishofen "]
[Date "2024.03.09"]
[Round "1.11"]
[White "Milov, Leonid"]
[Black "Bartels, Holger"]
[Result "1-0"]
[WhiteElo "2415"]
[BlackElo "2011"]
[Annotator "wempe"]
[PlyCount "89"]
[EventDate "2024.??.??"]
[WhiteTeam "SC Noris-Tarrasch Nuernberg 1873 e.V."]
[BlackTeam "SC Diogenes"]

1. e4 c5 2. Nf3 e6 3. Nc3 Nc6 4. d4 cxd4 5. Nxd4 a6 6. Nxc6 bxc6 7. Bd3 e5 8. O-O Nf6 9. f4 Bc5+ 10. Kh1 d6 11. Qe1 exf4 12. e5 dxe5 13. Qxe5+ Qe7 14. Bxf4 Qxe5 15. Bxe5 Be7 16. Ne4 Be6 17. Nxf6+ gxf6 18. Bxf6 Bxf6 19. Rxf6 Kf8 20. Re1 Kg7 21. Rf4 Rhe8 22. b3 a5 23. Re3 a4 24. Rg3+ Kf8 25. h3 axb3 26. axb3 Ra1+ 27. Kh2 h6 28. Re3 Bd5 29. Rxe8+ Kxe8 30. Rf1 Ra2 31. Rf6 Ra1 32. Rxh6 Rd1 33. g4 Bxb3 34. Rxc6 Bd5 35. Rd6 Bc4 36. Kg3 Rd2 37. h4 Ke7 38. Rd4 Ba2 39. Re4+ Kf8 40. Rf4 Bb1 41. Bc4 Rd7 42. Bb3 Rc7 43. Rf2 Kg7 44. g5 Kg6 45. Kg4 1-0

[Event "Schachfestival 2024-Open"]
[Site "Bad Woerishofen "]
[Date "2024.03.09"]
[Round "1.12"]
[White "Roemhild, Marcus"]
[Black "Akash G"]
[Result "0-1"]
[WhiteElo "2001"]
[BlackElo "2411"]
[Annotator "wempe"]
[PlyCount "62"]
[EventDate "2024.??.??"]
[WhiteTeam "Bielefelder SK von 1883 e. V."]

1. c4 g6 2. g3 Bg7 3. Bg2 e5 4. Nc3 d6 5. d3 f5 6. e3 Nf6 7. Nge2 O-O 8. O-O c6 9. f4 Kh8 10. b3 Be6 11. Ba3 Re8 12. Qd2 exf4 13. gxf4 d5 14. Rad1 Ng4 15. h3 Nxe3 16. Qxe3 d4 17. Qf2 dxc3 18. d4 Qa5 19. Bd6 Qxa2 20. Nc1 Qxf2+ 21. Rxf2 Na6 22. Na2 Bf7 23. Be5 Rad8 24. Nxc3 Rd7 25. Rfd2 h6 26. h4 Kh7 27. Bxg7 Kxg7 28. Kf2 Red8 29. Ke3 Nb4 30. Bf3 Rxd4 31. Rxd4 Nc2+ 0-1

[Event "Schachfestival 2024-Open"]
[Site "Bad Woerishofen "]
[Date "2024.03.09"]
[Round "1.13"]
[White "GB, Harshavardhan"]
[Black "Astengo, Corrado"]
[Result "1-0"]
[WhiteElo "2392"]
[BlackElo "2009"]
[Annotator "wempe"]
[PlyCount "63"]
[EventDate "2024.??.??"]
[BlackTeam "Scuola popolaaare di scacchi Roma"]

1. e4 c6 2. d4 d5 3. exd5 cxd5 4. c4 Nf6 5. Nc3 g6 6. cxd5 Nxd5 7. Qb3 Nxc3 8. Bc4 Nd5 9. Bxd5 e6 10. Bxb7 Bxb7 11. Qxb7 Nd7 12. Nf3 Rb8 13. Qa6 Bb4+ 14. Ke2 Rb6 15. Qd3 O-O 16. Rd1 Nf6 17. Kf1 Qd5 18. Bh6 Rc8 19. Rac1 Rbc6 20. Rxc6 Rxc6 21. Ne5 Rc7 22. Qf3 Qb5+ 23. Kg1 Nd5 24. Qd3 Qa5 25. Qb3 Bf8 26. Qb8 Qb4 27. Qa8 f6 28. Nd3 Qd6 29. Rc1 Kf7 30. Bxf8 Qxf8 31. Rxc7+ Nxc7 32. Qxa7 1-0

[Event "Schachfestival 2024-Open"]
[Site "Bad Woerishofen "]
[Date "2024.03.09"]
[Round "1.14"]
[White "Neuhoff, Laertes"]
[Black "Ivanov, Mike"]
[Result "1-0"]
[WhiteElo "2003"]
[BlackElo "2374"]
[Annotator "wempe"]
[PlyCount "92"]
[EventDate "2024.??.??"]
[BlackTeam "Canada Chess Youth Club"]

1. e4 e6 2. d4 d5 3. Nd2 Be7 4. Ngf3 Nf6 5. e5 Nfd7 6. Bd3 c5 7. c3 Nc6 8. O-O O-O 9. Re1 f5 10. exf6 Nxf6 11. Ne5 cxd4 12. Nxc6 bxc6 13. cxd4 c5 14. Nf3 cxd4 15. Nxd4 Bc5 16. Nf3 Rb8 17. Qc2 Bd6 18. Bg5 Qc7 19. Qxc7 Bxc7 20. Rac1 Ba5 21. Re2 Bd7 22. Ne5 Bb5 23. Bxb5 Rxb5 24. Bxf6 gxf6 25. Nc6 Bb6 26. a4 Rc5 27. Rxc5 Bxc5 28. b4 Rc8 29. b5 Ra8 30. Rxe6 a6 31. b6 Bxb6 32. Ne7+ Kf7 33. Rxb6 Kxe7 34. a5 Rc8 35. Kf1 Rc2 36. Rxa6 Ra2 37. Ra8 Ke6 38. a6 Kf5 39. a7 Kf4 40. Ke1 d4 41. Kd1 d3 42. Kc1 Rc2+ 43. Kd1 Ra2 44. h3 h6 45. h4 h5 46. f3 f5 1-0

[Event "Schachfestival 2024-Open"]
[Site "Bad Woerishofen "]
[Date "2024.03.09"]
[Round "1.16"]
[White "Kraemer, Max"]
[Black "Arnold, Max"]
[Result "0-1"]
[WhiteElo "1980"]
[BlackElo "2290"]
[Annotator "wempe"]
[PlyCount "56"]
[EventDate "2024.??.??"]
[WhiteTeam "SK Caissa Augsburg"]
[BlackTeam "SK 1926 Ettlingen"]

1. e4 c5 2. Nf3 e6 3. d4 cxd4 4. Nxd4 Nc6 5. Nb5 d6 6. Bf4 e5 7. Be3 Nf6 8. f3 Be6 9. c4 Be7 10. Be2 O-O 11. O-O Rc8 12. N5c3 Nd4 13. Bxd4 exd4 14. Nd5 Bxd5 15. exd5 b5 16. Qxd4 bxc4 17. Nc3 Qa5 18. Rad1 Bd8 19. Kh1 Bb6 20. Qf4 Rfe8 21. Ne4 Nxd5 22. Qg5 Re5 23. Qg4 f5 24. Qh3 Nf4 25. Bxc4+ Rxc4 26. Qh4 fxe4 27. Qxf4 Rf5 28. Qxd6 Qe5 0-1

[Event "Schachfestival 2024-Open"]
[Site "Bad Woerishofen "]
[Date "2024.03.09"]
[Round "1.17"]
[White "Senthil Maran K"]
[Black "Schaefer, Michael"]
[Result "1-0"]
[WhiteElo "2301"]
[BlackElo "2001"]
[Annotator "wempe"]
[PlyCount "98"]
[EventDate "2024.??.??"]
[BlackTeam "FB80 Moerlenbach-Birkenau"]

1. d4 d5 2. c4 e6 3. Nf3 Nf6 4. g3 Bb4+ 5. Bd2 Be7 6. Bc3 O-O 7. Nbd2 b6 8. Bg2 Bb7 9. O-O Nbd7 10. b3 Rc8 11. Bb2 c5 12. Rc1 Rc7 13. cxd5 Bxd5 14. Re1 cxd4 15. Bxd4 Rxc1 16. Qxc1 Qa8 17. Qb2 Rc8 18. Nc4 b5 19. Ne3 Be4 20. Rd1 Bc5 21. Bxc5 Nxc5 22. Qd4 Ncd7 23. Ne1 Bxg2 24. N1xg2 h6 25. Ne1 Qb8 26. Nf3 Qb6 27. Qd6 Rc1 28. Kg2 Rxd1 29. Qxd1 Qc6 30. Qd4 Qc5 31. b4 Qxd4 32. Nxd4 a6 33. f4 Kf8 34. Kf3 Ke7 35. Nec2 Kd6 36. e4 Kc7 37. Ne3 Nb8 38. e5 Nfd7 39. Ke4 Nc6 40. Nxc6 Kxc6 41. g4 Kb6 42. f5 Kc7 43. Nc2 Nb8 44. Nd4 Kd7 45. Nb3 Kc7 46. fxe6 fxe6 47. Nc5 Nc6 48. Nxa6+ Kb6 49. Nc5 Kc7 1-0

[Event "Schachfestival 2024-Open"]
[Site "Bad Woerishofen "]
[Date "2024.03.09"]
[Round "1.18"]
[White "Santl, Anton"]
[Black "Guttenthaler, Franz"]
[Result "0-1"]
[WhiteElo "1995"]
[BlackElo "2286"]
[Annotator "wempe"]
[PlyCount "100"]
[EventDate "2024.??.??"]
[WhiteTeam "Schach-Union Muenchen e.V."]
[BlackTeam "SV Weilheim"]

1. Nf3 Nf6 2. b3 d5 3. Bb2 Bf5 4. d3 h6 5. Nbd2 e6 6. g3 Be7 7. Bg2 O-O 8. O-O a5 9. Re1 Bh7 10. c4 c6 11. a3 Nbd7 12. Rc1 Qb6 13. cxd5 cxd5 14. Qc2 Rfd8 15. Qb1 Bc5 16. e3 Qd6 17. Nd4 Bxd4 18. exd4 Qa6 19. Bf1 a4 20. b4 Ne8 21. Nf3 Nd6 22. Ne5 Nf5 23. Nxd7 Rxd7 24. Rc5 b6 25. Rc6 Nd6 26. Qc2 Nc4 27. Qc3 Nxb2 28. b5 Qxb5 29. Rc8+ Rd8 30. Rxd8+ Rxd8 31. Rb1 Qa6 32. Rxb2 b5 33. Rc2 g5 34. Qc7 Qd6 35. Qa5 Rb8 36. Rc5 Kg7 37. Qc3 Rb7 38. Be2 Bg6 39. Kg2 f6 40. Bf3 Be8 41. Rc8 Bd7 42. Rc5 Kg6 43. h3 b4 44. axb4 Qb6 45. b5 Bxb5 46. Qc1 Bd7 47. h4 Kg7 48. hxg5 hxg5 49. Qe3 Kf8 50. Rc1 a3 0-1

[Event "Schachfestival 2024-Open"]
[Site "Bad Woerishofen "]
[Date "2024.03.09"]
[Round "1.19"]
[White "Dishman, Stephen"]
[Black "Pousada Garcia, Victor Daniel"]
[Result "1-0"]
[WhiteElo "2280"]
[BlackElo "1993"]
[Annotator "wempe"]
[PlyCount "71"]
[EventDate "2024.??.??"]
[WhiteTeam "Bonnevoie"]

1. Nf3 Nf6 2. c4 g6 3. Nc3 Bg7 4. g3 O-O 5. Bg2 c5 6. O-O Nc6 7. d4 cxd4 8. Nxd4 Qb6 9. Nc2 d6 10. b3 Be6 11. Rb1 Rac8 12. h3 Rfd8 13. e4 Qa5 14. Bb2 a6 15. a4 Nd7 16. Nd5 Bxb2 17. Rxb2 Bxd5 18. exd5 Nce5 19. Nd4 Qb6 20. Qd2 Nc5 21. a5 Qa7 22. Rbb1 Re8 23. Kh2 Ncd3 24. Qc3 Nb4 25. f4 Na2 26. Qd2 Nxc4 27. bxc4 Rxc4 28. Ne2 Rec8 29. Qxa2 Qe3 30. Rb3 Qc5 31. Rxb7 Rc2 32. Rb2 Rc4 33. Qxc4 Qxc4 34. Rc1 Qxc1 35. Nxc1 Rxc1 36. Rb6 1-0

[Event "Schachfestival 2024-Open"]
[Site "Bad Woerishofen "]
[Date "2024.03.09"]
[Round "1.20"]
[White "Hornung, Hans"]
[Black "S, Rohit"]
[Result "1-0"]
[WhiteElo "1992"]
[BlackElo "2267"]
[Annotator "wempe"]
[PlyCount "91"]
[EventDate "2024.??.??"]
[WhiteTeam "SK Klosterlechfeld"]

1. c4 c5 2. Nf3 Nc6 3. Nc3 g6 4. e3 Nf6 5. d4 cxd4 6. exd4 d5 7. cxd5 Nxd5 8. Qb3 Nxc3 9. Bc4 Nd5 10. Bxd5 e6 11. Bxc6+ bxc6 12. O-O Qd5 13. Be3 f6 14. Rfc1 Be7 15. Rc3 Kf7 16. h3 Bd7 17. Qc2 g5 18. a3 Rag8 19. Rd1 g4 20. Ne5+ Ke8 21. hxg4 fxe5 22. dxe5 Qxe5 23. Bd4 Qg5 24. Bxh8 Rxh8 25. Qe4 Bf8 26. Rcd3 Bc8 27. Qxc6+ Kf7 28. Qc7+ Kg6 29. Qc2 Kg7 30. Qc7+ Be7 31. Rd8 Rxd8 32. Rxd8 Ba6 33. Rd7 Kf8 34. g3 Be2 35. Qf4+ Qxf4 36. gxf4 a6 37. g5 Ke8 38. Ra7 Bd3 39. Kg2 Bc5 40. Rc7 Bd6 41. Rc3 Be4+ 42. f3 Bf5 43. Kg3 Kd7 44. Re3 Kc6 45. Re1 Kb5 46. Rd1 1-0

[Event "Schachfestival 2024-Open"]
[Site "Bad Woerishofen "]
[Date "2024.03.09"]
[Round "1.21"]
[White "Raupp, Thomas"]
[Black "Van Amerongen, Arjen"]
[Result "1/2-1/2"]
[WhiteElo "2259"]
[BlackElo "1992"]
[Annotator "wempe"]
[PlyCount "81"]
[EventDate "2024.??.??"]
[WhiteTeam "SC Untergrombach 46"]
[BlackTeam "SV de Stukkenjagers"]

1. d4 g6 2. c4 Bg7 3. Nc3 d6 4. e4 Nc6 5. Be3 e5 6. d5 Nce7 7. g4 f5 8. gxf5 gxf5 9. Qh5+ Ng6 10. exf5 Qh4 11. Qf3 N6e7 12. Bd3 Nh6 13. f6 Rf8 14. Ne4 Bxf6 15. Nxf6+ Rxf6 16. Qg3 Qh5 17. Qg7 Ng4 18. Qxh7 Qxh7 19. Bxh7 Nxe3 20. fxe3 Nf5 21. Ke2 Nh4 22. h3 Ke7 23. Rh2 Bd7 24. Rf1 Rh6 25. Be4 Rg8 26. Rhf2 Be8 27. Kd3 Rg3 28. Ne2 Rxh3 29. Rg1 Ng6 30. Ng3 Nh4 31. Bf5 Rxg3 32. Rxg3 Nxf5 33. Rxf5 Bg6 34. Rxg6 Rxg6 35. Rf2 Rg1 36. Rh2 b6 37. b3 a5 38. Ke4 Rf1 39. Rh7+ Kd8 40. Rh8+ Kd7 41. Rh7+ 1/2-1/2